Here to stay : American families in the twentieth century /

Spremljeno u:
Bibliografski detalji
Glavni autor: Bane, Mary Jo
Format: Knjiga
Jezik:English
Izdano: New York : Basic Books, c1976.
Teme:
LEADER 01002cam a2200289 a 4500
001 c000268887
003 CARM
005 20070827085425.0
008 760914s1976 nyu bs 001 0 eng
019 1 |a 774130  |5 LACONCORD2021 
020 |a 0465029272 :  |c $11.95 
035 |a (OCoLC)2493559  |5 LACONCORD2021 
040 |a LC  |b eng  |c LC  |d XNTU 
043 |a n-us--- 
050 0 0 |a HQ536  |b .B3 
082 1 4 |a 301.42/0973  |2 18 
082 1 4 |a 306.85/0973  |2 19 
100 1 |a Bane, Mary Jo. 
245 1 0 |a Here to stay :  |b American families in the twentieth century /  |c Mary Jo Bane. 
260 |a New York :  |b Basic Books,  |c c1976. 
300 |a xvi, 195 p. ;  |c 24 cm. 
500 |a Includes index. 
504 |a Bibliography: p. [176]-186. 
650 0 |a Families  |z United States. 
852 8 |b CARM  |h A1:AN12B0  |i B08642  |p 0389320  |f BK 
999 f f |i 744b43f7-d131-57b2-9172-9e139ed0fa1a  |s 6f6d11f3-e3d0-5f05-840a-35b019e6c468 
952 f f |p Can circulate  |a CAVAL  |b CAVAL  |c CAVAL  |d CARM 1 Store  |e B08642  |f A1:AN12B0  |h Other scheme  |i book  |m 0389320